[Event "DEM U12 2023"]
[Site "Willingen GER"]
[Date "2023.05.29"]
[Round "3"]
[White "Geschke, David"]
[Black "Lupei, Denis"]
[Result "1-0"]
[Termination "normal"]
[Board "26"]
[WhiteElo "1458"]
[BlackElo "1374"]
[WhiteClock "00:57:20"]
[BlackClock "00:29:20"]
[PlyCount "93"]
[WhiteFideId "34619658"]
[BlackFideId "34611231"]
[EventCountry "GER"]
[EventRounds "9"]
[EventType "swiss"]
[EventDate "2023.05.27"]

1. d4 {[%clk 01:30:51]} {[%emt 00:00:09]} d5 {[%clk 01:30:50]} {[%emt
00:00:10]} 2. c4 {[%clk 01:31:16]} {[%emt 00:00:05]} e6 {[%clk 01:31:04]}
{[%emt 00:00:16]} 3. Nc3 {[%clk 01:31:42]} {[%emt 00:00:05]} Nf6 {[%clk
01:31:23]} {[%emt 00:00:10]} 4. Bg5 {[%clk 01:32:07]} {[%emt 00:00:05]} Bb4
{[%clk 01:31:18]} {[%emt 00:00:35]} 5. e3 {[%clk 01:31:53]} {[%emt 00:00:44]}
h6 {[%clk 01:31:22]} {[%emt 00:00:26]} 6. Bh4 {[%clk 01:31:58]} {[%emt
00:00:25]} Bxc3+ {[%clk 01:28:23]} {[%emt 00:03:29]} 7. bxc3 {[%clk 01:32:24]}
{[%emt 00:00:05]} b6 {[%clk 01:28:13]} {[%emt 00:00:40]} 8. Nf3 {[%clk
01:32:26]} {[%emt 00:00:27]} Nbd7 {[%clk 01:25:45]} {[%emt 00:02:59]} 9. cxd5
{[%clk 01:31:08]} {[%emt 00:01:48]} exd5 {[%clk 01:26:03]} {[%emt 00:00:12]}
10. Bb5 {[%clk 01:31:30]} {[%emt 00:00:08]} g5 {[%clk 01:19:02]} {[%emt
00:07:30]} 11. Bg3 {[%clk 01:28:49]} {[%emt 00:03:10]} Bb7 {[%clk 01:15:09]}
{[%emt 00:04:24]} 12. Ne5 {[%clk 01:26:12]} {[%emt 00:03:08]} a6 {[%clk
01:07:31]} {[%emt 00:08:08]} 13. Bc6 {[%clk 01:24:04]} {[%emt 00:02:39]} Bxc6
{[%clk 01:04:54]} {[%emt 00:03:06]} 14. Nxc6 {[%clk 01:24:26]} {[%emt
00:00:08]} Qc8 {[%clk 01:04:41]} {[%emt 00:00:43]} 15. f3 {[%clk 01:07:14]}
{[%emt 00:17:42]} Nh5 {[%clk 00:58:36]} {[%emt 00:06:34]} 16. Bf2 {[%clk
01:03:56]} {[%emt 00:03:48]} Qb7 {[%clk 00:52:37]} {[%emt 00:06:30]} 17. Nb4
{[%clk 01:02:40]} {[%emt 00:01:41]} a5 {[%clk 00:45:00]} {[%emt 00:08:12]} 18.
Nd3 {[%clk 01:01:21]} {[%emt 00:01:48]} f5 {[%clk 00:41:34]} {[%emt 00:03:56]}
19. f4 {[%clk 00:59:50]} {[%emt 00:02:00]} Nhf6 {[%clk 00:39:17]} {[%emt
00:02:48]} 20. Ne5 {[%clk 00:58:00]} {[%emt 00:02:21]} Nxe5 {[%clk 00:39:12]}
{[%emt 00:00:34]} 21. fxe5 {[%clk 00:58:01]} {[%emt 00:00:29]} Ng4 {[%clk
00:38:12]} {[%emt 00:01:30]} 22. O-O {[%clk 00:53:34]} {[%emt 00:04:57]} h5
{[%clk 00:32:05]} {[%emt 00:06:36]} 23. Qf3 {[%clk 00:50:07]} {[%emt 00:03:53]}
f4 {[%clk 00:25:08]} {[%emt 00:07:31]} 24. exf4 {[%clk 00:45:33]} {[%emt
00:05:04]} Nxf2 {[%clk 00:21:46]} {[%emt 00:03:51]} 25. Rxf2 {[%clk 00:44:25]}
{[%emt 00:01:39]} g4 {[%clk 00:21:32]} {[%emt 00:00:44]} 26. Qg3 {[%clk
00:42:50]} {[%emt 00:02:03]} O-O-O {[%clk 00:19:57]} {[%emt 00:01:21]} 27. f5
{[%clk 00:41:58]} {[%emt 00:02:08]} Qc6 {[%clk 00:18:50]} {[%emt 00:01:37]} 28.
f6 {[%clk 00:39:22]} {[%emt 00:03:06]} Rdg8 {[%clk 00:17:55]} {[%emt 00:01:24]}
29. f7 {[%clk 00:38:07]} {[%emt 00:01:46]} Rf8 {[%clk 00:17:43]} {[%emt
00:00:41]} 30. Qd3 {[%clk 00:37:52]} {[%emt 00:00:46]} Qe6 {[%clk 00:14:40]}
{[%emt 00:03:31]} 31. Raf1 {[%clk 00:37:32]} {[%emt 00:00:49]} h4 {[%clk
00:13:32]} {[%emt 00:01:39]} 32. Rf6 {[%clk 00:35:56]} {[%emt 00:02:05]} Qd7
{[%clk 00:11:39]} {[%emt 00:02:23]} 33. e6 {[%clk 00:35:43]} {[%emt 00:00:44]}
Qe7 {[%clk 00:11:17]} {[%emt 00:00:51]} 34. Qf5 {[%clk 00:35:33]} {[%emt
00:00:30]} g3 {[%clk 00:10:34]} {[%emt 00:01:23]} 35. h3 {[%clk 00:34:05]}
{[%emt 00:01:58]} c6 {[%clk 00:10:06]} {[%emt 00:00:58]} 36. Rg6 {[%clk
00:31:01]} {[%emt 00:03:33]} Kb7 {[%clk 00:09:38]} {[%emt 00:00:59]} 37. Qg5
{[%clk 00:29:30]} {[%emt 00:01:56]} Qxg5 {[%clk 00:05:10]} {[%emt 00:05:02]}
38. Rxg5 {[%clk 00:28:09]} {[%emt 00:01:52]} Ka6 {[%clk 00:04:56]} {[%emt
00:00:44]} 39. e7 {[%clk 00:28:22]} {[%emt 00:00:17]} Rc8 {[%clk 00:05:06]}
{[%emt 00:00:19]} 40. f8=Q {[%emt 00:00:39]} Rhxf8 {[%emt 00:00:17]} 41. Rxf8
{[%clk 00:27:30]} {[%emt 00:00:26]} Kb5 {[%clk 00:01:13]} {[%emt 00:04:23]} 42.
Rxc8 {[%clk 00:27:39]} {[%emt 00:00:22]} c5 {[%clk 00:00:39]} {[%emt 00:01:05]}
43. e8=Q+ {[%clk 00:26:26]} {[%emt 00:00:17]} Kc4 {[%clk 00:01:00]} {[%emt
00:01:34]} 44. Qa4+ {[%clk 00:26:43]} {[%emt 00:00:13]} Kxc3 {[%clk 00:01:19]}
{[%emt 00:00:10]} 45. Qb3+ {[%clk 00:27:08]} {[%emt 00:00:05]} Kxd4 {[%clk
00:01:29]} {[%emt 00:00:20]} 46. Rxd5+ {[%clk 00:27:33]} {[%emt 00:00:06]} Ke4
{[%clk 00:29:20]} {[%emt 00:02:39]} 47. Qf3# {[%clk 00:57:20]} {[%emt
00:00:12]} 1-0

[Event "DEM U12 2023"]
[Site "Willingen GER"]
[Date "2023.05.29"]
[Round "3"]
[White "Spielvogel, Oliver"]
[Black "Iachanou, Daniel"]
[Result "0-1"]
[Termination "normal"]
[Board "27"]
[WhiteElo "1304"]
[BlackElo "1532"]
[WhiteClock "00:46:09"]
[BlackClock "00:08:28"]
[PlyCount "89"]
[WhiteFideId "16296494"]
[BlackFideId "34639403"]
[EventCountry "GER"]
[EventRounds "9"]
[EventType "swiss"]
[EventDate "2023.05.27"]

1. d4 {[%clk 01:30:58]} {[%emt 00:00:01]} Nf6 {[%clk 01:30:26]} {[%emt
00:00:34]} 2. Bf4 {[%clk 01:31:23]} {[%emt 00:00:05]} e6 {[%clk 01:30:51]}
{[%emt 00:00:06]} 3. Nf3 {[%clk 01:31:46]} {[%emt 00:00:07]} d5 {[%clk
01:31:14]} {[%emt 00:00:06]} 4. e3 {[%clk 01:32:13]} {[%emt 00:00:03]} c5
{[%clk 01:31:38]} {[%emt 00:00:06]} 5. c3 {[%clk 01:32:36]} {[%emt 00:00:07]}
Bd6 {[%clk 01:32:00]} {[%emt 00:00:08]} 6. Bxd6 {[%clk 01:32:58]} {[%emt
00:00:07]} Qxd6 {[%clk 01:32:21]} {[%emt 00:00:09]} 7. Bd3 {[%clk 01:32:40]}
{[%emt 00:00:49]} Nc6 {[%clk 01:31:39]} {[%emt 00:01:13]} 8. Nbd2 {[%clk
01:33:02]} {[%emt 00:00:07]} O-O {[%clk 01:31:44]} {[%emt 00:00:24]} 9. O-O
{[%clk 01:33:31]} {[%emt 00:00:03]} b6 {[%clk 01:31:19]} {[%emt 00:00:55]} 10.
Re1 {[%clk 01:31:58]} {[%emt 00:02:02]} Bb7 {[%clk 01:22:52]} {[%emt 00:08:57]}
11. Rb1 {[%clk 01:30:15]} {[%emt 00:02:10]} cxd4 {[%clk 01:18:56]} {[%emt
00:04:28]} 12. exd4 {[%clk 01:29:06]} {[%emt 00:01:38]} Rac8 {[%clk 01:10:42]}
{[%emt 00:08:45]} 13. Ne5 {[%clk 01:29:26]} {[%emt 00:00:10]} Qc7 {[%clk
01:09:00]} {[%emt 00:02:11]} 14. f4 {[%clk 01:29:40]} {[%emt 00:00:16]} Nd7
{[%clk 01:02:17]} {[%emt 00:07:15]} 15. Ndf3 {[%clk 01:27:33]} {[%emt
00:02:37]} Ndxe5 {[%clk 01:01:04]} {[%emt 00:01:42]} 16. fxe5 {[%clk 01:27:11]}
{[%emt 00:00:53]} h6 {[%clk 00:57:53]} {[%emt 00:03:41]} 17. Bc2 {[%clk
01:25:12]} {[%emt 00:02:29]} Nb4 {[%clk 00:50:59]} {[%emt 00:07:24]} 18. Ba4
{[%clk 01:24:25]} {[%emt 00:01:13]} Nc6 {[%clk 00:50:53]} {[%emt 00:00:40]} 19.
Qd3 {[%clk 01:24:27]} {[%emt 00:00:24]} g6 {[%clk 00:47:01]} {[%emt 00:04:25]}
20. Nh4 {[%clk 01:19:32]} {[%emt 00:05:25]} Kg7 {[%clk 00:45:34]} {[%emt
00:01:57]} 21. Qf3 {[%clk 01:11:46]} {[%emt 00:08:16]} Qe7 {[%clk 00:43:14]}
{[%emt 00:02:47]} 22. Qg4 {[%clk 01:00:00]} {[%emt 00:12:19]} Ba6 {[%clk
00:42:18]} {[%emt 00:01:27]} 23. Re3 {[%clk 00:59:41]} {[%emt 00:00:48]} Na5
{[%clk 00:39:44]} {[%emt 00:03:04]} 24. Rh3 {[%clk 00:58:00]} {[%emt 00:02:07]}
Qg5 {[%clk 00:34:28]} {[%emt 00:05:50]} 25. Qxg5 {[%clk 00:57:24]} {[%emt
00:01:06]} hxg5 {[%clk 00:33:41]} {[%emt 00:01:18]} 26. Nf3 {[%clk 00:57:43]}
{[%emt 00:00:10]} g4 {[%clk 00:33:51]} {[%emt 00:00:20]} 27. Rg3 {[%clk
00:57:25]} {[%emt 00:00:48]} gxf3 {[%clk 00:34:02]} {[%emt 00:00:19]} 28. Rxf3
{[%clk 00:57:48]} {[%emt 00:00:06]} Nc4 {[%clk 00:34:17]} {[%emt 00:00:15]} 29.
Rf2 {[%clk 00:57:49]} {[%emt 00:00:29]} Ne3 {[%clk 00:33:15]} {[%emt 00:01:33]}
30. Re1 {[%clk 00:57:46]} {[%emt 00:00:33]} Nf5 {[%clk 00:32:45]} {[%emt
00:01:00]} 31. Bc2 {[%clk 00:54:55]} {[%emt 00:03:21]} Ne7 {[%clk 00:31:11]}
{[%emt 00:02:04]} 32. Re3 {[%clk 00:54:54]} {[%emt 00:00:29]} Nc6 {[%clk
00:30:07]} {[%emt 00:01:35]} 33. Ref3 {[%clk 00:54:40]} {[%emt 00:00:43]} Na5
{[%clk 00:29:43]} {[%emt 00:02:52]} 34. Rf6 {[%clk 00:53:33]} {[%emt 00:00:40]}
Nc4 {[%clk 00:29:01]} {[%emt 00:01:12]} 35. Bd3 {[%clk 00:53:50]} {[%emt
00:00:14]} b5 {[%clk 00:28:40]} {[%emt 00:00:52]} 36. g4 {[%clk 00:51:57]}
{[%emt 00:02:17]} Rc7 {[%clk 00:26:15]} {[%emt 00:03:00]} 37. Kg2 {[%clk
00:51:56]} {[%emt 00:00:28]} Nb6 {[%clk 00:21:07]} {[%emt 00:05:41]} 38. h4
{[%clk 00:51:58]} {[%emt 00:00:25]} Rh8 {[%clk 00:18:33]} {[%emt 00:03:05]} 39.
Kg3 {[%clk 00:52:10]} {[%emt 00:00:18]} Re7 {[%clk 00:17:41]} {[%emt 00:01:24]}
40. Kf4 {[%clk 00:50:37]} {[%emt 00:02:01]} Rxh4 {[%clk 00:13:44]} {[%emt
00:04:27]} 41. Kg5 {[%clk 00:47:08]} {[%emt 00:04:01]} Rh3 {[%clk 00:13:12]}
{[%emt 00:01:00]} 42. Bf1 {[%clk 00:46:39]} {[%emt 00:01:00]} Rh8 {[%clk
00:11:36]} {[%emt 00:02:06]} 43. Bd3 {[%clk 00:47:00]} {[%emt 00:00:10]} Nd7
{[%clk 00:10:16]} {[%emt 00:01:50]} 44. a3 {[%clk 00:46:00]} {[%emt 00:01:30]}
Nf8 {[%clk 00:08:28]} {[%emt 00:02:17]} 45. a4 {[%clk 00:46:09]} {[%emt
00:01:52]} 0-1

[Event "DEM U12 2023"]
[Site "Willingen GER"]
[Date "2023.05.29"]
[Round "3"]
[White "Yan, Haichen"]
[Black "Schröder, Hannes Artur"]
[Result "0-1"]
[Termination "normal"]
[Board "28"]
[WhiteElo "1251"]
[BlackElo "1343"]
[WhiteClock "00:31:58"]
[BlackClock "00:55:16"]
[PlyCount "86"]
[WhiteFideId "34607951"]
[BlackFideId "34608818"]
[EventCountry "GER"]
[EventRounds "9"]
[EventType "swiss"]
[EventDate "2023.05.27"]

1. d4 {[%emt 00:00:04]} d5 {[%clk 01:30:54]} {[%emt 00:00:05]} 2. c4 {[%clk
01:31:23]} {[%emt 00:00:05]} e6 {[%clk 01:30:45]} {[%emt 00:00:39]} 3. Nc3
{[%clk 01:31:40]} {[%emt 00:00:12]} Nf6 {[%clk 01:30:57]} {[%emt 00:00:19]} 4.
Bg5 {[%clk 01:31:55]} {[%emt 00:00:15]} Be7 {[%clk 01:31:04]} {[%emt 00:00:23]}
5. Nf3 {[%clk 01:32:11]} {[%emt 00:00:13]} Nbd7 {[%clk 01:30:46]} {[%emt
00:00:49]} 6. e3 {[%clk 01:32:22]} {[%emt 00:00:20]} c6 {[%clk 01:31:02]}
{[%emt 00:00:14]} 7. Bd3 {[%clk 01:32:20]} {[%emt 00:00:32]} O-O {[%clk
01:31:05]} {[%emt 00:00:26]} 8. O-O {[%clk 01:32:39]} {[%emt 00:00:11]} h6
{[%clk 01:30:53]} {[%emt 00:00:42]} 9. Bh4 {[%clk 01:32:53]} {[%emt 00:00:15]}
b6 {[%clk 01:28:54]} {[%emt 00:02:29]} 10. Rc1 {[%clk 01:30:28]} {[%emt
00:02:55]} Bb7 {[%clk 01:22:17]} {[%emt 00:07:07]} 11. Re1 {[%clk 01:21:21]}
{[%emt 00:09:38]} c5 {[%clk 01:11:12]} {[%emt 00:11:35]} 12. cxd5 {[%clk
01:20:01]} {[%emt 00:01:50]} Nxd5 {[%clk 01:08:49]} {[%emt 00:02:53]} 13. Bxe7
{[%clk 01:17:38]} {[%emt 00:02:52]} Qxe7 {[%clk 01:07:31]} {[%emt 00:01:47]}
14. e4 {[%clk 01:12:19]} {[%emt 00:05:50]} Nxc3 {[%clk 01:01:57]} {[%emt
00:06:03]} 15. bxc3 {[%clk 01:11:17]} {[%emt 00:01:32]} Rfd8 {[%clk 01:01:06]}
{[%emt 00:01:21]} 16. d5 {[%clk 01:10:23]} {[%emt 00:01:25]} Nf6 {[%clk
01:00:10]} {[%emt 00:01:25]} 17. e5 {[%clk 01:01:06]} {[%emt 00:09:47]} Nxd5
{[%clk 00:59:25]} {[%emt 00:01:15]} 18. Qa4 {[%clk 00:48:43]} {[%emt 00:12:53]}
Nf4 {[%clk 00:54:10]} {[%emt 00:05:45]} 19. Qxf4 {[%clk 00:40:00]} {[%emt
00:09:13]} Rxd3 {[%clk 00:54:27]} {[%emt 00:00:13]} 20. h3 {[%clk 00:36:59]}
{[%emt 00:03:31]} Bxf3 {[%clk 00:53:09]} {[%emt 00:01:48]} 21. gxf3 {[%clk
00:37:22]} {[%emt 00:00:07]} Qg5+ {[%clk 00:53:29]} {[%emt 00:00:10]} 22. Qxg5
{[%clk 00:37:24]} {[%emt 00:00:28]} hxg5 {[%clk 00:53:53]} {[%emt 00:00:06]}
23. Kg2 {[%clk 00:37:44]} {[%emt 00:00:11]} Rad8 {[%clk 00:54:04]} {[%emt
00:00:18]} 24. a4 {[%clk 00:36:34]} {[%emt 00:01:41]} Rd2 {[%clk 00:52:59]}
{[%emt 00:01:34]} 25. Ra1 {[%clk 00:35:46]} {[%emt 00:01:19]} Rc2 {[%clk
00:52:48]} {[%emt 00:00:40]} 26. Rec1 {[%clk 00:34:15]} {[%emt 00:02:02]} Rdd2
{[%clk 00:51:16]} {[%emt 00:02:02]} 27. Rxc2 {[%clk 00:34:24]} {[%emt
00:00:20]} Rxc2 {[%clk 00:51:39]} {[%emt 00:00:07]} 28. Ra3 {[%clk 00:34:49]}
{[%emt 00:00:06]} Kh7 {[%clk 00:52:02]} {[%emt 00:00:07]} 29. Kg3 {[%clk
00:34:32]} {[%emt 00:00:47]} Kg6 {[%clk 00:52:13]} {[%emt 00:00:18]} 30. Rb3
{[%clk 00:34:34]} {[%emt 00:00:29]} Ra2 {[%clk 00:52:12]} {[%emt 00:00:32]} 31.
Kg2 {[%clk 00:32:18]} {[%emt 00:02:46]} Rxa4 {[%clk 00:51:39]} {[%emt
00:01:03]} 32. Rb2 {[%clk 00:32:40]} {[%emt 00:00:09]} Ra3 {[%clk 00:51:42]}
{[%emt 00:00:26]} 33. Rc2 {[%clk 00:32:59]} {[%emt 00:00:12]} c4 {[%clk
00:51:37]} {[%emt 00:00:34]} 34. Kg3 {[%clk 00:33:05]} {[%emt 00:00:23]} b5
{[%clk 00:51:38]} {[%emt 00:00:29]} 35. f4 {[%clk 00:33:03]} {[%emt 00:00:32]}
b4 {[%clk 00:51:30]} {[%emt 00:00:39]} 36. f3 {[%clk 00:30:53]} {[%emt
00:04:44]} Rxc3 {[%clk 00:54:03]} {[%emt 00:00:24]} 37. Rb2 {[%clk 00:31:02]}
{[%emt 00:00:22]} b3 {[%clk 00:54:20]} {[%emt 00:00:13]} 38. fxg5 {[%clk
00:30:52]} {[%emt 00:00:40]} Rc2 {[%clk 00:54:09]} {[%emt 00:00:41]} 39. Rb1
{[%clk 00:31:13]} {[%emt 00:00:09]} b2 {[%clk 00:54:21]} {[%emt 00:00:17]} 40.
h4 {[%clk 00:31:17]} {[%emt 00:00:26]} c3 {[%clk 00:54:39]} {[%emt 00:00:12]}
41. Kg4 {[%clk 00:31:38]} {[%emt 00:00:10]} Rc1 {[%emt 00:00:39]} 42. Rxc1
{[%clk 00:31:58]} bxc1=Q {[%emt 00:00:15]} 43. h5+ {[%clk 00:31:58]} {[%emt
00:00:24]} Kh7 {[%clk 00:55:16]} {[%emt 00:00:15]} 0-1

[Event "DEM U12 2023"]
[Site "Willingen GER"]
[Date "2023.05.29"]
[Round "3"]
[White "Völpel, Alexander"]
[Black "Sarian, David"]
[Result "0-1"]
[Termination "normal"]
[Board "29"]
[WhiteElo "1373"]
[BlackElo "1480"]
[WhiteClock "00:52:01"]
[BlackClock "01:13:32"]
[PlyCount "92"]
[WhiteFideId "34603131"]
[BlackFideId "34660275"]
[EventCountry "GER"]
[EventRounds "9"]
[EventType "swiss"]
[EventDate "2023.05.27"]

1. e4 {[%clk 01:30:58]} {[%emt 00:00:01]} e6 {[%clk 01:30:56]} {[%emt
00:00:04]} 2. d4 {[%clk 01:31:24]} {[%emt 00:00:05]} d5 {[%clk 01:31:23]}
{[%emt 00:00:03]} 3. exd5 {[%clk 01:31:50]} {[%emt 00:00:03]} exd5 {[%clk
01:31:48]} {[%emt 00:00:05]} 4. Bd3 {[%clk 01:32:16]} {[%emt 00:00:04]} Nf6
{[%clk 01:32:08]} {[%emt 00:00:10]} 5. c3 {[%clk 01:32:32]} {[%emt 00:00:14]}
Be7 {[%clk 01:32:32]} {[%emt 00:00:06]} 6. Nf3 {[%clk 01:32:45]} {[%emt
00:00:17]} O-O {[%clk 01:32:54]} {[%emt 00:00:07]} 7. O-O {[%clk 01:33:08]}
{[%emt 00:00:07]} Nc6 {[%clk 01:33:13]} {[%emt 00:00:10]} 8. h3 {[%clk
01:33:19]} {[%emt 00:00:20]} h6 {[%clk 01:33:38]} {[%emt 00:00:05]} 9. Qc2
{[%clk 01:33:45]} {[%emt 00:00:04]} Be6 {[%clk 01:33:30]} {[%emt 00:00:38]} 10.
Ne5 {[%clk 01:31:01]} {[%emt 00:03:14]} Nxe5 {[%clk 01:33:48]} {[%emt
00:00:12]} 11. dxe5 {[%clk 01:31:24]} {[%emt 00:00:06]} Nd7 {[%clk 01:34:16]}
{[%emt 00:00:03]} 12. f4 {[%clk 01:28:50]} {[%emt 00:03:04]} Nc5 {[%clk
01:29:59]} {[%emt 00:04:47]} 13. Bh7+ {[%clk 01:25:23]} {[%emt 00:03:58]} Kh8
{[%clk 01:29:21]} {[%emt 00:01:08]} 14. f5 {[%emt 00:00:23]} Kxh7 {[%clk
01:27:16]} {[%emt 00:02:32]} 15. fxe6+ {[%clk 01:25:47]} {[%emt 00:00:15]} Kg8
{[%clk 01:27:41]} {[%emt 00:00:05]} 16. exf7+ {[%clk 01:23:58]} {[%emt
00:02:20]} Rxf7 {[%clk 01:28:02]} {[%emt 00:00:09]} 17. Rxf7 {[%clk 01:23:51]}
{[%emt 00:00:36]} Kxf7 {[%clk 01:28:28]} {[%emt 00:00:04]} 18. Qf5+ {[%clk
01:24:04]} {[%emt 00:00:17]} Kg8 {[%clk 01:28:19]} {[%emt 00:00:39]} 19. Bf4
{[%clk 01:21:21]} {[%emt 00:03:13]} Qf8 {[%clk 01:27:30]} {[%emt 00:01:19]} 20.
Qg4 {[%clk 01:20:55]} {[%emt 00:00:55]} Kh7 {[%clk 01:23:36]} {[%emt 00:04:25]}
21. Nd2 {[%clk 01:12:23]} {[%emt 00:09:02]} Qf7 {[%clk 01:17:35]} {[%emt
00:06:30]} 22. Rf1 {[%clk 01:11:02]} {[%emt 00:01:51]} Qe6 {[%clk 01:16:43]}
{[%emt 00:01:22]} 23. Qxe6 {[%clk 01:09:31]} {[%emt 00:02:00]} Nxe6 {[%clk
01:17:09]} {[%emt 00:00:04]} 24. Be3 {[%clk 01:09:43]} {[%emt 00:00:18]} Kg6
{[%clk 01:14:27]} {[%emt 00:03:11]} 25. Bf4 {[%clk 01:05:48]} {[%emt 00:04:25]}
Rf8 {[%clk 01:14:30]} {[%emt 00:00:27]} 26. Bh2 {[%clk 01:05:50]} {[%emt
00:00:27]} Rxf1+ {[%clk 01:13:10]} {[%emt 00:01:50]} 27. Kxf1 {[%clk 01:06:02]}
{[%emt 00:00:19]} c5 {[%clk 01:13:23]} {[%emt 00:00:17]} 28. Ke2 {[%clk
01:05:22]} {[%emt 00:01:10]} a5 {[%clk 01:12:00]} {[%emt 00:01:53]} 29. Nb3
{[%clk 01:03:03]} {[%emt 00:02:50]} b6 {[%clk 01:12:12]} {[%emt 00:00:18]} 30.
a4 {[%clk 01:02:33]} {[%emt 00:01:00]} h5 {[%clk 01:12:13]} {[%emt 00:00:29]}
31. Ke3 {[%clk 01:02:19]} {[%emt 00:00:44]} h4 {[%clk 01:12:10]} {[%emt
00:00:32]} 32. Nd2 {[%clk 00:59:45]} {[%emt 00:03:04]} Bg5+ {[%clk 01:12:20]}
{[%emt 00:00:20]} 33. Ke2 {[%clk 00:58:21]} {[%emt 00:01:54]} Bxd2 {[%clk
01:12:44]} {[%emt 00:00:06]} 34. Kxd2 {[%clk 00:58:42]} {[%emt 00:00:08]} Kf5
{[%clk 01:13:05]} {[%emt 00:00:09]} 35. Ke3 {[%clk 00:58:54]} {[%emt 00:00:18]}
g5 {[%clk 01:13:24]} {[%emt 00:00:11]} 36. g4+ {[%clk 00:58:13]} {[%emt
00:01:11]} hxg3 {[%clk 01:13:39]} {[%emt 00:00:15]} 37. Bxg3 {[%clk 00:57:58]}
{[%emt 00:00:45]} c4 {[%clk 01:12:59]} {[%emt 00:01:11]} 38. Kf3 {[%clk
00:57:19]} {[%emt 00:01:09]} Nc5 {[%clk 01:13:08]} {[%emt 00:00:20]} 39. Ke3
{[%clk 00:53:15]} {[%emt 00:04:34]} Nxa4 {[%clk 01:13:07]} {[%emt 00:00:31]}
40. Kd4 {[%clk 00:53:32]} {[%emt 00:00:12]} Ke6 {[%clk 01:12:49]} {[%emt
00:00:48]} 41. Be1 {[%clk 00:53:09]} {[%emt 00:00:53]} Nxb2 {[%clk 01:13:10]}
{[%emt 00:00:10]} 42. Bd2 {[%clk 00:53:33]} {[%emt 00:00:06]} Nd3 {[%clk
01:13:24]} {[%emt 00:00:16]} 43. Bxg5 {[%clk 00:53:48]} {[%emt 00:00:15]} a4
{[%clk 01:13:25]} {[%emt 00:00:29]} 44. h4 {[%clk 00:51:13]} {[%emt 00:03:05]}
a3 {[%clk 01:12:53]} {[%emt 00:01:03]} 45. h5 {[%clk 00:51:36]} {[%emt
00:00:07]} a2 {[%clk 01:13:19]} {[%emt 00:00:04]} 46. h6 {[%clk 00:52:01]}
{[%emt 00:00:05]} a1=Q {[%clk 01:13:32]} {[%emt 00:00:17]} 0-1